[Event "Open"]
[Site "Baku AZE"]
[Date "2010.08.28"]
[Round "6"]
[White "Jojua,D"]
[Black "Musayev,Eldar"]
[Result "1-0"]
[WhiteElo "2530"]
[BlackElo "2202"]
[EventDate "2010.08.23"]

1. d4 Nf6 2. c4 e6 3. Nf3 b6 4. g3 Ba6 5. Qc2 Bb4+ 6. Nbd2 Bb7 7. Bg2 Be4
8. Qd1 Nc6 9. O-O Bxd2 10. Qxd2 d6 11. b3 O-O 12. Bb2 h6 13. Rac1 Qe7 14.
d5 Nb8 15. Nh4 Bxg2 16. Nxg2 Nbd7 17. f3 a5 18. e4 Nc5 19. Rce1 e5 20. Nh4
Rfb8 21. f4 Nfxe4 22. Qc2 exf4 23. Nf5 Qg5 24. Rxe4 Nxe4 25. Qxe4 fxg3 26.
Nxg7 Qd2 27. hxg3 Qxb2 28. Nf5 Re8 29. Nxh6+ Kh8 30. Nxf7+ Kg8 31. Nh6+ Kh8
32. Qh4 Re2 33. Ng4+ Kg8 34. Nf6+ 1-0

[Event "Open"]
[Site "Baku AZE"]
[Date "2010.08.28"]
[Round "6"]
[White "Khademalsharieh,S"]
[Black "Dovliatov,S"]
[Result "0-1"]
[WhiteElo "2097"]
[BlackElo "2422"]
[EventDate "2010.08.23"]

1. d4 f5 2. g3 Nf6 3. Bg2 g6 4. c4 Bg7 5. Nf3 O-O 6. O-O d6 7. Nc3 Qe8 8.
d5 Na6 9. Nd4 Bd7 10. a3 c6 11. Rb1 Nc5 12. b4 Nce4 13. Bb2 cxd5 14. cxd5
Qf7 15. Qb3 Nd2 16. Qc2 Nxf1 17. Rxf1 Rac8 18. Qd2 Rc4 19. Qd3 Rfc8 20. e3
Bh8 21. Rd1 a5 22. Qd2 b5 23. Rc1 Ng4 24. Bf1 R4c7 25. f4 Nf6 26. Bg2 Rc4
27. Nc6 Bxc6 28. dxc6 Ne4 0-1

[Event "Open"]
[Site "Baku AZE"]
[Date "2010.08.28"]
[Round "6"]
[White "Kowsarinia,A"]
[Black "Guliev,L"]
[Result "1/2-1/2"]
[WhiteElo "2195"]
[BlackElo "2437"]
[EventDate "2010.08.23"]

1. d4 Nf6 2. c4 e6 3. Nf3 Bb4+ 4. Bd2 c5 5. Bxb4 cxb4 6. g3 b6 7. Bg2 Bb7
8. O-O O-O 9. Nbd2 d6 10. Qc2 Re8 11. Rfd1 Qc7 12. Nf1 a5 13. a3 Na6 14.
Ne3 Rac8 15. Rac1 h6 16. Ne1 Bxg2 17. N1xg2 Qb7 18. Qa4 Qc6 19. Qb5 Qb7 20.
axb4 Nxb4 21. c5 dxc5 22. dxc5 Rc6 23. Rc3 Nfd5 24. Nxd5 Nxd5 25. Rb3 Rb8
26. Rc1 Qc7 27. e4 Nf6 28. Rc4 Qb7 29. Nf4 Nd7 30. Nd3 Qc8 31. Ra3 Nxc5 32.
Rac3 Rc7 33. Nxc5 bxc5 34. Qxa5 Rxb2 35. Rxc5 Rxc5 36. Qxc5 1/2-1/2

[Event "Open"]
[Site "Baku AZE"]
[Date "2010.08.28"]
[Round "6"]
[White "Mammadov,Z"]
[Black "Durarbeyli,V"]
[Result "1/2-1/2"]
[WhiteElo "2302"]
[BlackElo "2501"]
[EventDate "2010.08.23"]

1. e4 g6 2. d4 Bg7 3. Nf3 d6 4. Bc4 e6 5. O-O Ne7 6. c3 Nd7 7. Qe2 a6 8. a4
h6 9. e5 dxe5 10. dxe5 Nc6 11. Bf4 g5 12. Bg3 g4 13. Nd4 Ndxe5 14. Nxc6
Nxc6 15. Qxg4 Bf6 16. Qh5 Rg8 17. Rd1 Qe7 18. Nd2 e5 19. h3 Be6 20. Bxe6
Qxe6 21. Ne4 Be7 22. b4 Rg6 23. b5 Nb8 24. bxa6 Rxa6 25. Rab1 Rxa4 26. Rxb7
Nc6 27. Qf3 Qc8 1/2-1/2

[Event "Open"]
[Site "Baku AZE"]
[Date "2010.08.28"]
[Round "6"]
[White "Rahmanov,Shahriyar"]
[Black "Nigalidze,G"]
[Result "1-0"]
[WhiteElo "2245"]
[BlackElo "2478"]
[EventDate "2010.08.23"]

1. d4 Nf6 2. c4 e6 3. Nc3 c5 4. d5 exd5 5. cxd5 d6 6. e4 g6 7. h3 a6 8. a4
Bg7 9. Nf3 O-O 10. Bd3 Re8 11. O-O Nbd7 12. Bg5 h6 13. Bh4 Qb6 14. Rb1 c4
15. Bxc4 Nxe4 16. Re1 Ndf6 17. Bd3 Nxc3 18. bxc3 Qa5 19. Rxe8+ Nxe8 20. Qe2
Qxa4 21. Rb4 Qd7 22. Re4 Nf6 23. Re7 Qa4 24. Bc2 Qa1+ 25. Kh2 Bf5 26. Bxf5
gxf5 27. Rxf7 Re8 28. Rxg7+ Kf8 29. Qd2 Kxg7 30. Bxf6+ Kxf6 31. Qxh6+ Ke7
32. Qe6+ Kd8 33. Qxd6+ Kc8 34. Ne5 Qa4 35. c4 Rd8 36. Qc5+ Kb8 37. d6 Rc8
38. d7 Rd8 39. Qd6+ Ka7 40. Qc7 1-0

[Event "Open"]
[Site "Baku AZE"]
[Date "2010.08.28"]
[Round "6"]
[White "Safarli,E"]
[Black "Miroshnichenko,E"]
[Result "1/2-1/2"]
[WhiteElo "2603"]
[BlackElo "2686"]
[EventDate "2010.08.23"]

1. e4 c5 2. Nf3 d6 3. d4 cxd4 4. Nxd4 Nf6 5. Nc3 a6 6. Be3 e5 7. Nf3 Be7 8.
Bc4 O-O 9. O-O Nc6 10. Bb3 h6 11. Nd2 Na5 12. Nc4 Nxc4 13. Bxc4 Be6 14. Bb3
b5 15. f3 Rb8 16. Nd5 Nxd5 17. Bxd5 Qc7 18. Rc1 Rfc8 19. c3 Bxd5 20. Qxd5
Bg5 21. Bxg5 hxg5 22. Rfd1 Rb6 23. Rd3 b4 24. Rd2 Qa7 25. Kh1 bxc3 26. bxc3
Rc5 27. Qd3 Qc7 28. h3 Rbc6 29. c4 g6 30. Qe3 Qe7 31. Qd3 Kg7 32. Kg1 Qc7
33. Kh2 Rxc4 34. Rxc4 Rxc4 35. Qxd6 Qxd6 36. Rxd6 Ra4 37. Rd2 f5 38. Re2
Kf6 39. Kg3 Ra3 40. exf5 gxf5 41. Kf2 Ke6 42. g3 Ra4 43. Rd2 a5 44. Rb2 f4
45. Kg2 Kf5 46. Rc2 Ra3 47. gxf4 gxf4 48. h4 a4 49. h5 Kg5 50. Re2 Kxh5 51.
Rxe5+ Kh4 52. Re2 Rc3 53. Rd2 a3 54. Re2 Rc1 55. Rd2 Rb1 56. Kh2 Rb5 57.
Rc2 Rd5 58. Rg2 Kh5 59. Rg4 Rd2+ 60. Kh3 Rd4 61. Kh2 Rd2+ 1/2-1/2

[Event "Open"]
[Site "Baku AZE"]
[Date "2010.08.28"]
[Round "6"]
[White "Savchenko,B"]
[Black "Maghalashvili,Da"]
[Result "1-0"]
[WhiteElo "2623"]
[BlackElo "2465"]
[EventDate "2010.08.23"]

1. e4 c5 2. Nf3 d6 3. d4 cxd4 4. Nxd4 Nf6 5. Nc3 a6 6. Bg5 e6 7. f4 Nc6 8.
Qd2 h6 9. Bxf6 Qxf6 10. Nxc6 bxc6 11. O-O-O d5 12. exd5 cxd5 13. Nxd5 exd5
14. Qxd5 Be7 15. Qxa8 Qxf4+ 16. Kb1 O-O 17. Qf3 Qc7 18. Bd3 Bf6 19. Rhf1
Re8 20. Qg3 Qb6 21. b3 Be5 22. Rfe1 Qc7 23. Rd2 g5 24. Rxe5 Qxe5 25. Re2
Qxe2 26. Bxe2 Rxe2 27. Qf3 Re6 28. Qa8 Re8 29. Qc6 1-0

[Event "Open"]
[Site "Baku AZE"]
[Date "2010.08.28"]
[Round "6"]
[White "Sulashvili,M"]
[Black "Allahverdiev,A"]
[Result "1/2-1/2"]
[WhiteElo "2498"]
[BlackElo "2410"]
[EventDate "2010.08.23"]

1. d4 Nf6 2. Nf3 e6 3. c4 b6 4. a3 c5 5. d5 Ba6 6. Qb3 exd5 7. cxd5 d6 8.
Nc3 g6 9. e4 Bxf1 10. Kxf1 Bg7 11. h3 O-O 12. Bf4 Qe7 13. Re1 Nbd7 14. g4
Ne8 15. Kg2 Ne5 16. Bg5 f6 17. Nxe5 fxg5 18. Nc6 Qf7 19. Nd1 Nf6 20. Qf3
Rae8 21. Nc3 a6 22. Qg3 Nd7 23. h4 gxh4 24. Qxh4 h6 25. Rh3 g5 26. Qg3 Ne5
27. Nxe5 Bxe5 28. Qf3 Qxf3+ 29. Rxf3 Rxf3 30. Kxf3 b5 31. Nd1 c4 32. Re2
Kg7 33. Ne3 Kg6 34. Nf5 h5 35. gxh5+ Kxh5 36. Ke3 Bf4+ 37. Kf3 Be5 38. Ke3
Bf4+ 1/2-1/2

[Event "Open"]
[Site "Baku AZE"]
[Date "2010.08.29"]
[Round "7"]
[White "Kazimova,N"]
[Black "Jojua,D"]
[Result "0-1"]
[WhiteElo "2255"]
[BlackElo "2530"]
[EventDate "2010.08.23"]

1. d4 Nf6 2. c4 g6 3. Nc3 Bg7 4. g3 O-O 5. Bg2 d6 6. Nf3 Nc6 7. O-O a6 8.
h3 Bd7 9. e4 e5 10. d5 Nd4 11. Nxd4 exd4 12. Qxd4 Qc8 13. h4 Ng4 14. Qd1
Ne5 15. Qb3 b5 16. cxb5 axb5 17. Bf4 Nd3 18. Rfd1 Nxf4 19. gxf4 Qd8 20. h5
b4 21. Qxb4 Qh4 22. Qc4 Qxf4 23. Rd3 Be5 24. a4 Qh2+ 25. Kf1 Qxh5 26. Bf3
Bg4 27. Bg2 f5 28. exf5 Rxf5 29. Re3 Rxf2+ 30. Kxf2 Qh4+ 0-1

[Event "Open"]
[Site "Baku AZE"]
[Date "2010.08.29"]
[Round "7"]
[White "Durarbeyli,V"]
[Black "Zeynalov,F"]
[Result "1-0"]
[WhiteElo "2501"]
[BlackElo "2328"]
[EventDate "2010.08.23"]

1. e4 e5 2. Nf3 Nf6 3. Nxe5 d6 4. Nf3 Nxe4 5. d4 d5 6. Bd3 Nc6 7. O-O Be7
8. Nc3 Nxc3 9. bxc3 Bg4 10. Re1 O-O 11. Bf4 Bd6 12. Bxd6 Qxd6 13. Bxh7+
Kxh7 14. Ng5+ Kg6 15. Qxg4 f5 16. Qh4 Rh8 17. Re6+ Qxe6 18. Qxh8 Rxh8 19.
Nxe6 Ne7 20. Re1 c6 21. Nf4+ 1-0

[Event "Open"]
[Site "Baku AZE"]
[Date "2010.08.29"]
[Round "7"]
[White "Zhukova,N"]
[Black "Agaragimov,D"]
[Result "0-1"]
[WhiteElo "2499"]
[BlackElo "2311"]
[EventDate "2010.08.23"]

1. d4 Nf6 2. c4 g6 3. Nc3 Bg7 4. e4 d6 5. Nf3 O-O 6. h3 e5 7. d5 a5 8. Bg5
Na6 9. Nd2 Qe8 10. g4 Nd7 11. a3 Nb6 12. Be2 a4 13. h4 Nc5 14. h5 f5 15.
gxf5 gxf5 16. h6 Bf6 17. Bxf6 Rxf6 18. Qc2 Kh8 19. O-O-O Qf8 20. Kb1 Bd7
21. Ka2 Rxh6 22. exf5 Bxf5 23. Nde4 Rxh1 24. Rxh1 Qg7 25. Bd3 Nxd3 26. Qxd3
Rf8 27. Rh4 Qg2 28. f4 Nd7 29. fxe5 Nxe5 30. Qd4 Qc2 31. Nc5 b6 32. N5xa4
Bd3 33. Rh1 Bxc4+ 34. Ka1 b5 35. Nc5 b4 36. Nb1 bxa3 37. Nxa3 Ra8 38. Qe3
Bxd5 39. Re1 Ra5 40. Nd7 Nxd7 41. Qg3 Qf5 42. Re5 Qc2 43. Re1 Ne5 44. Rf1
Qg6 45. Qh4 Ra8 46. Qe7 Qg7 0-1

[Event "Open"]
[Site "Baku AZE"]
[Date "2010.08.29"]
[Round "7"]
[White "Maghalashvili,Da"]
[Black "Mammadov,Z"]
[Result "1/2-1/2"]
[WhiteElo "2465"]
[BlackElo "2302"]
[EventDate "2010.08.23"]

1. d4 d5 2. c4 c6 3. Nf3 Nf6 4. e3 e6 5. Nbd2 Nbd7 6. Bd3 b6 7. O-O Bb7 8.
e4 dxe4 9. Nxe4 Be7 10. Qe2 O-O 11. Rd1 Qc7 12. Bg5 Rfe8 13. c5 h6 14. Bh4
Nxe4 15. Qxe4 Nf6 16. Qe3 Ng4 17. Qe4 Bxh4 18. Qxg4 Bf6 1/2-1/2

[Event "Open"]
[Site "Baku AZE"]
[Date "2010.08.29"]
[Round "7"]
[White "Agasiyev,Ka"]
[Black "Guliev,L"]
[Result "0-1"]
[WhiteElo "2203"]
[BlackElo "2437"]
[EventDate "2010.08.23"]

1. d4 Nf6 2. c4 e6 3. Nf3 d5 4. Nc3 Be7 5. cxd5 exd5 6. Qc2 h6 7. Bf4 c6 8.
e3 O-O 9. Bd3 Re8 10. O-O Nbd7 11. h3 Nf8 12. Rad1 Bd6 13. Bxd6 Qxd6 14.
Ne5 N6d7 15. e4 Nxe5 16. dxe5 Rxe5 17. f4 Qc5+ 18. Kh2 Re8 19. exd5 Bd7 20.
Qb3 Re3 21. Qxb7 Rae8 22. Qb3 Qe7 23. dxc6 Bxh3 24. Nd5 Qh4 25. Kg1 Rg3 26.
Rf2 Bxg2 27. Rxg2 Rh3 28. Re2 Rh1+ 29. Kg2 Rh2+ 0-1

[Event "Open"]
[Site "Baku AZE"]
[Date "2010.08.29"]
[Round "7"]
[White "Dovliatov,S"]
[Black "Kowsarinia,A"]
[Result "1-0"]
[WhiteElo "2422"]
[BlackElo "2195"]
[EventDate "2010.08.23"]

1. e4 c5 2. Nf3 Nc6 3. d4 cxd4 4. Nxd4 Nf6 5. Nc3 e5 6. Ndb5 d6 7. Bg5 a6
8. Na3 b5 9. Nd5 Be7 10. Bxf6 Bxf6 11. g3 O-O 12. Bg2 Bg5 13. O-O f5 14.
exf5 Bxf5 15. Ne3 Ne7 16. Nxf5 Nxf5 17. Qd5+ Kh8 18. Qxa8 Qxa8 19. Bxa8
Rxa8 20. c3 d5 21. Rfe1 Bf6 22. Nc2 Kg8 23. Ne3 Nxe3 24. fxe3 Kf7 25. Rad1
Ke6 26. e4 d4 27. cxd4 exd4 28. e5 Be7 29. Kg2 Rd8 30. Re4 d3 31. h4 Bc5
32. b4 Be7 33. a3 g5 34. h5 d2 35. Re2 Rd3 36. Rdxd2 Rxa3 37. Rc2 Bxb4 38.
Rc6+ Kf5 39. Rf6+ 1-0

[Event "Open"]
[Site "Baku AZE"]
[Date "2010.08.29"]
[Round "7"]
[White "Orujov,S"]
[Black "Toufighi,H"]
[Result "1-0"]
[WhiteElo "2077"]
[BlackElo "2501"]
[EventDate "2010.08.23"]

1. e4 e6 2. d4 d5 3. exd5 exd5 4. Bd3 Bd6 5. Nf3 Ne7 6. O-O Bg4 7. Bg5 Nbc6
8. c3 Qd7 9. Nbd2 f6 10. Bh4 h5 11. Bg3 h4 12. Bxd6 Qxd6 13. Qc2 Qf4 14. h3
Bh5 15. Nh2 g5 16. Rfe1 O-O-O 17. Ndf1 g4 18. hxg4 Bxg4 19. Nxg4 Qxg4 20.
Qe2 Qg7 21. Qf3 Kb8 22. Ne3 f5 23. Nxf5 Nxf5 24. Qxf5 h3 25. g3 Rdf8 26.
Qg6 h2+ 27. Kg2 Qd7 28. Re2 Qh3+ 29. Kh1 a5 30. Rae1 Ka7 31. Rd2 Ne7 32.
Qe6 Nf5 33. Bxf5 Rxf5 34. Qe2 Qh6 35. Rd3 Qg6 36. Re3 c6 37. Rf1 Rh3 38.
Qd3 Qf7 39. f4 Rh8 40. Re5 Rf6 41. Qe3 Qh7 42. g4 Rh6 43. Qe2 Rh3 44. Re3
Rh4 45. f5 Rg8 46. Rg3 Qc7 47. Qf3 Rg5 48. Qf4 Qg7 49. f6 1-0

[Event "Open"]
[Site "Baku AZE"]
[Date "2010.08.29"]
[Round "7"]
[White "Rustamzada,Dargah"]
[Black "Bajarani,U"]
[Result "0-1"]
[WhiteElo "2093"]
[BlackElo "2409"]
[EventDate "2010.08.23"]

1. e4 c5 2. Nf3 d6 3. d4 cxd4 4. Qxd4 a6 5. Be3 Nc6 6. Qd2 Nf6 7. Nc3 e6 8.
O-O-O Be7 9. Kb1 Qc7 10. Bf4 Ne5 11. Bg3 O-O 12. Nd4 b5 13. f4 b4 14. fxe5
bxc3 15. exd6 Nxe4 16. Qd3 Nxd6 17. Nb3 Rd8 18. Qxc3 Qxc3 19. bxc3 Bb7 20.
Be5 Nb5 21. Bd3 f6 22. Bd4 e5 23. Bxb5 axb5 24. Bb6 Rxd1+ 25. Rxd1 Bxg2 26.
Rd7 Bf8 27. Bc5 Bc6 28. Rc7 Bd5 29. Bxf8 Kxf8 30. Kb2 e4 31. a3 e3 32. Nd4
Re8 33. Rc5 Bg2 34. Rxb5 e2 35. Nxe2 Rxe2 36. a4 Be4 37. a5 Bxc2 38. Ka3
Bd3 39. Rd5 Bc4 40. Rd6 Rxh2 0-1

[Event "Open"]
[Site "Baku AZE"]
[Date "2010.08.29"]
[Round "7"]
[White "Pirverdiyev,A"]
[Black "Mammadova,G"]
[Result "1-0"]
[WhiteElo "2090"]
[BlackElo "2260"]
[EventDate "2010.08.23"]

1. e4 g6 2. d4 Bg7 3. Nc3 d6 4. Nf3 Nf6 5. Be3 Ng4 6. Bg5 h6 7. Bh4 O-O 8.
h3 Nf6 9. e5 Nh5 10. Bc4 c6 11. Qc1 dxe5 12. dxe5 Be6 13. Bd3 Bd5 14. Qe3
Bxf3 15. gxf3 Qb6 16. f4 Qxe3+ 17. fxe3 Re8 18. O-O-O b5 19. Be4 a6 20.
Rhg1 e6 21. Bf3 Kf8 22. Ne4 Rc8 23. Nd6 Rc7 24. Nxb5 Rc8 25. Nd6 Rc7 26.
Bxh5 Nd7 27. Be2 1-0

[Event "Open"]
[Site "Baku AZE"]
[Date "2010.08.29"]
[Round "7"]
[White "Hasanova,T"]
[Black "Agayev,N"]
[Result "0-1"]
[WhiteElo "2038"]
[BlackElo "2317"]
[EventDate "2010.08.23"]

1. Nf3 g6 2. g3 Bg7 3. Bg2 e5 4. d3 d5 5. O-O Ne7 6. Nbd2 O-O 7. e4 Nbc6 8.
exd5 Nxd5 9. Re1 Re8 10. Nc4 h6 11. a4 Bf5 12. Ne3 Nxe3 13. Bxe3 Qd7 14.
Qd2 Kh7 15. Rad1 Rad8 16. Qc1 Bg4 17. c3 f5 18. Rd2 f4 19. Bc5 Na5 20. Qc2
Qf7 21. Bb4 Nc6 22. Qd1 Nxb4 23. cxb4 fxg3 24. fxg3 e4 25. dxe4 Bxf3 0-1

[Event "Open"]
[Site "Baku AZE"]
[Date "2010.08.29"]
[Round "7"]
[White "Aleskerov,F"]
[Black "Ibrahimov,R"]
[Result "0-1"]
[WhiteElo "2289"]
[BlackElo "2534"]
[EventDate "2010.08.23"]

1. d4 Nf6 2. Nf3 b6 3. Nbd2 Bb7 4. e3 g6 5. Bd3 c5 6. O-O Bg7 7. c3 d5 8.
Re1 O-O 9. Ne5 Nc6 10. f4 e6 11. Rb1 Nd7 12. Nef3 a5 13. b3 Ba6 14. Bxa6
Rxa6 15. Bb2 b5 16. Qe2 Rb6 17. Kh1 Qb8 18. g3 Rc8 19. Ne5 Ndxe5 20. fxe5
Rb7 21. Rf1 Rd7 22. Rf2 b4 23. cxb4 axb4 24. Rc1 cxd4 25. exd4 Rdc7 26. Qe3
h5 27. Nf3 Ne7 28. Rxc7 Rxc7 29. Qd3 Qa7 30. Qb5 Qxa2 31. Ng5 Nc6 32. Kg2
Qa5 33. Qd3 Nd8 34. Qf3 Qb5 35. g4 hxg4 36. Qxg4 Qd3 37. Qf3 Qb1 38. Qe2
Bh6 39. Nf3 Qf5 40. h3 Kg7 41. Qb5 Be3 42. Re2 Rc2 43. Ne1 Qe4+ 44. Nf3
Bxd4 45. Bxd4 Qxe2+ 0-1

[Event "Open"]
[Site "Baku AZE"]
[Date "2010.08.29"]
[Round "7"]
[White "Quparadze,G"]
[Black "Guseinov,G"]
[Result "1/2-1/2"]
[WhiteElo "2345"]
[BlackElo "2611"]
[EventDate "2010.08.23"]

1. e4 c5 2. Nf3 Nc6 3. d4 cxd4 4. Nxd4 Nf6 5. Nc3 d6 6. Be2 g6 7. Nb3 Bg7
8. O-O O-O 9. Be3 Be6 10. f4 Rc8 11. Kh1 a6 12. Bf3 Nd7 13. Rb1 Bc4 14. Rf2
b5 15. e5 dxe5 16. Rd2 Ncb8 17. Bb7 exf4 18. Bxf4 Rc7 19. Bxc7 Qxc7 20. Bd5
b4 21. Ne4 Nb6 22. Bxc4 Nxc4 23. Rf2 Nxb2 24. Qd5 Qc4 25. Qb7 Nc6 26. Ned2
Qb5 27. Qxb5 axb5 28. Ne4 f5 29. Nec5 Ra8 30. Ne6 Nc4 31. Nbc5 Rxa2 32. g4
Bd4 33. Re2 Bxc5 34. Nxc5 Kf7 35. gxf5 gxf5 36. Ne6 Kf6 37. Rbe1 b3 38.
cxb3 Rxe2 39. Rxe2 Nd6 40. Kg2 Ne4 41. Nc7 Nd4 42. Re3 e6 43. Rd3 Ke5 44.
Rh3 Nf6 45. Re3+ Kd6 46. Rd3 Ke5 47. Re3+ Kf4 48. Rc3 Ke4 49. Rc5 Nd7 50.
Rc1 e5 51. Re1+ Kf4 52. Rd1 Nc5 53. Nxb5 Ndxb3 54. Nd6 Nd4 55. Nc4 Nd7 56.
Re1 h5 57. Rd1 h4 58. h3 Ke4 59. Nd6+ Kf4 60. Nc4 Nc5 61. Rf1+ Kg5 62. Nxe5
Nce6 63. Nd3 f4 64. Re1 Kf6 65. Re4 Kf5 66. Re5+ Kf6 67. Rh5 Nf5 68. Kf3
Kg6 69. Rh8 Ng5+ 70. Kxf4 Nxh3+ 71. Kg4 Ng1 72. Ne5+ Kg7 73. Re8 Nd4 74.
Rd8 h3 75. Kg3 Nde2+ 76. Kh2 Kf6 77. Nd3 Kf5 78. Rf8+ Ke4 79. Nf2+ Ke3 80.
Nxh3 Nxh3 81. Kxh3 Nf4+ 82. Kg3 Ne2+ 83. Kg4 Nd4 84. Re8+ Kd3 85. Kf4 Ne2+
86. Ke5 Ke3 87. Ra8 Kd3 88. Ra3+ Nc3 89. Ra8 Ne2 90. Rh8 Nc3 91. Rh4 Nb5
92. Rb4 Nc3 93. Rd4+ Ke3 94. Rd8 Ne2 95. Kd5 Kd3 96. Kc5+ Ke3 97. Kc4 Nf4
98. Re8+ Kf3 99. Kd4 Ne2+ 100. Kd3 Nf4+ 101. Kd2 Nd5 102. Re6 Nf4 103. Re3+
Kg4 104. Rb3 Kf5 105. Ke3 Nd5+ 106. Kd4 Nf6 107. Rb6 Ng4 108. Rb5+ Kf4 109.
Rb1 Ne3 110. Kd3 Nf5 111. Rf1+ Ke5 112. Rxf5+ 1/2-1/2

[Event "Open"]
[Site "Baku AZE"]
[Date "2010.08.30"]
[Round "8"]
[White "Aleksandrov,A"]
[Black "Sutovsky,E"]
[Result "1/2-1/2"]
[WhiteElo "2642"]
[BlackElo "2665"]
[EventDate "2010.08.23"]

1. d4 Nf6 2. Nf3 g6 3. g3 Bg7 4. Bg2 d6 5. O-O O-O 6. Re1 Ne4 7. c3 c5 8.
Nbd2 f5 9. d5 Nxd2 10. Bxd2 Nd7 11. e4 fxe4 12. Ng5 Ne5 13. Rxe4 Bf5 14.
Ne6 Bxe6 15. dxe6 Nd3 16. Be3 Nxb2 17. Qc2 d5 18. Rh4 d4 19. Bh6 Bxh6 20.
Rxh6 dxc3 21. Rxg6+ Kh8 22. Rh6 Qd3 23. Be4 Qxc2 24. Bxc2 Rad8 25. Rxh7+
Kg8 26. Rxe7 Rd2 27. Bh7+ Kh8 28. Bg6 c2 29. Rd7 Rd1+ 30. Raxd1 cxd1=Q+ 31.
Rxd1 Nxd1 32. e7 Rb8 33. e8=R+ Rxe8 34. Bxe8 Nc3 35. a4 Kg7 36. h4 c4 37.
Kf1 Ne4 38. a5 c3 39. Ba4 Nc5 40. Bc2 b5 41. axb6 axb6 42. Ke2 b5 43. g4 b4
44. g5 b3 45. Bf5 b2 46. Bb1 Nb3 47. Kd3 Nd2 48. Kc2 Kg6 49. f4 Kh5 50. f5
Ne4 51. Kd3 Nd2 52. Bc2 Nf3 53. f6 Kxh4 54. g6 Ne5+ 55. Ke4 Nxg6 56. Kf5
Nh8 57. Ke4 1/2-1/2

[Event "Open"]
[Site "Baku AZE"]
[Date "2010.08.30"]
[Round "8"]
[White "Dovliatov,S"]
[Black "Abasov,N"]
[Result "0-1"]
[WhiteElo "2422"]
[BlackElo "2517"]
[EventDate "2010.08.23"]

1. e4 Nf6 2. e5 Nd5 3. g3 d6 4. exd6 Qxd6 5. Bg2 e5 6. Ne2 Nc6 7. Nbc3 Nxc3
8. bxc3 Be6 9. O-O O-O-O 10. d3 h5 11. Be3 h4 12. c4 Qd7 13. Nc3 Bh3 14.
Qf3 Bb4 15. Nb5 Bxg2 16. Qxg2 a6 17. Na7+ Nxa7 18. Bxa7 Qd6 19. Be3 hxg3
20. fxg3 Bc5 21. Bxc5 Qxc5+ 22. Kh1 f6 23. Rab1 c6 24. Qf3 Qd4 25. Rfe1 Rh6
26. Re2 Rdh8 27. Qf5+ Kb8 28. Qe6 Rc8 29. Qe7 Rc7 30. Qf8+ Ka7 31. Kg2 c5
32. Rbe1 Qd7 33. Qg8 Qa4 34. Qd8 Qc6+ 35. Kg1 Rd7 36. Qf8 Qd6 37. Qg8 Qe7
38. Qc8 g5 39. Rf1 Rh7 40. Qg8 Rh6 41. Qc8 Qd6 42. Ref2 Rdh7 43. Qg4 Qd8
44. Re1 Qa5 45. Qe4 Qxa2 46. Qd5 Qa5 47. Rb1 Qc7 48. c3 f5 49. Rfb2 b6 50.
Ra2 a5 51. Re1 f4 52. g4 Rd7 53. Qxe5 Qxe5 54. Rxe5 Rxd3 55. Rxg5 Rxc3 56.
Rf5 f3 57. Rf2 Rxc4 0-1

[Event "Open"]
[Site "Baku AZE"]
[Date "2010.08.30"]
[Round "8"]
[White "Esen,B"]
[Black "Rasulov,Vu"]
[Result "1-0"]
[WhiteElo "2518"]
[BlackElo "2442"]
[EventDate "2010.08.23"]

1. Nf3 Nf6 2. g3 g6 3. Bg2 Bg7 4. O-O O-O 5. c4 d6 6. d4 Nbd7 7. Nc3 e5 8.
e4 a6 9. h3 Rb8 10. Re1 b5 11. cxb5 axb5 12. b4 c6 13. Be3 Re8 14. Qc2 Qe7
15. Rab1 Bb7 16. dxe5 dxe5 17. a4 bxa4 18. Nxa4 Ba6 19. Nc5 Bb5 20. Nd2
Nxc5 21. Bxc5 Qe6 22. Kh2 Ra8 23. Bf1 Ra2 24. Rb2 Rea8 25. Reb1 h5 26. Bc4
Rxb2 27. Rxb2 Bxc4 28. Nxc4 Ra1 29. Qe2 Bh6 30. Rc2 Nh7 31. Be3 Bf8 32. Rb2
h4 33. gxh4 Nf6 34. Nd2 Nh5 35. b5 cxb5 36. Rxb5 Qa6 37. Nf3 Nf6 38. Rb2
Qa8 39. Ng5 Nxe4 40. Qf3 Nd6 41. Qxa8 Rxa8 42. Rc2 Nf5 43. Rc4 Be7 44. Kg2
f6 45. Nf3 Kf7 46. Bb6 Ke6 47. Rg4 Kf7 48. Rc4 Ke6 49. Rg4 Kd5 50. Kf1 Ra1+
51. Kg2 Rb1 52. Ba7 Bf8 53. Be3 Be7 54. Ra4 Rb5 55. Rg4 Rb3 56. Ba7 Bf8 57.
Nh2 Bh6 58. Nf1 Ke6 59. Ng3 Ne7 60. Bc5 Nd5 61. Ra4 Nf4+ 62. Kh2 Nd3 63.
Ra6+ Kf7 64. Ra7+ Ke6 65. Ra6+ Kd7 66. Ba7 Ke7 67. h5 Kf7 68. Ne4 Bf4+ 69.
Kg2 f5 70. hxg6+ Kg7 71. Nc5 Nxc5 72. Bxc5 Bg5 73. Re6 Rb5 74. Bd6 Bf6 75.
Bf8+ Kxg6 76. Be7 Kf7 77. Rxf6+ Kxe7 78. Rxf5 Ke6 79. Rf8 Rb4 80. Kg3 Ke7
81. Rf3 Rb1 82. h4 Rg1+ 83. Kh2 Rg8 84. Kh3 Ke6 85. h5 e4 86. Rf4 Ke5 87.
Rg4 Ra8 88. h6 Ra3+ 89. Kh4 Ra8 90. Kh5 Kf6 91. h7 Kf7 92. Rg3 Rb8 93. Rg8
Rxg8 94. hxg8=Q+ Kxg8 95. Kg6 Kf8 96. Kf6 Ke8 97. Ke5 Ke7 98. Kxe4 Ke6 99.
Kf4 Kf6 100. f3 1-0

[Event "Open"]
[Site "Baku AZE"]
[Date "2010.08.30"]
[Round "8"]
[White "Guliev,L"]
[Black "Abbasov,F"]
[Result "0-1"]
[WhiteElo "2437"]
[BlackElo "2549"]
[EventDate "2010.08.23"]

1. e4 g6 2. d4 Bg7 3. Nc3 d6 4. Be3 a6 5. f3 Nd7 6. Qd2 b5 7. O-O-O Bb7 8.
g4 Rc8 9. Kb1 c5 10. h4 h6 11. Nh3 Ngf6 12. Nf2 Qc7 13. g5 hxg5 14. hxg5
Rxh1 15. Nxh1 Nh5 16. Nf2 cxd4 17. Bxd4 Ne5 18. Be2 b4 19. Bxe5 Bxe5 20.
Nd5 Bxd5 21. exd5 Bf4 22. Qd3 Bxg5 23. Qb3 a5 24. Bb5+ Kf8 25. Bc6 Kg7 26.
Ne4 Bf4 27. Qd3 Rh8 28. Rh1 Qa7 29. Bb5 Be5 30. Bc4 Nf4 0-1

[Event "Open"]
[Site "Baku AZE"]
[Date "2010.08.30"]
[Round "8"]
[White "Jojua,D"]
[Black "Alavi,S"]
[Result "1/2-1/2"]
[WhiteElo "2530"]
[BlackElo "2413"]
[EventDate "2010.08.23"]

1. d4 d5 2. c4 c6 3. Nf3 Nf6 4. e3 g6 5. Nc3 Bg7 6. Be2 O-O 7. O-O dxc4 8.
Bxc4 Nbd7 9. Qe2 Qc7 10. e4 b5 11. Bb3 b4 12. Na4 a5 13. Re1 Ba6 14. Bc4
Bxc4 15. Qxc4 e5 16. Nxe5 1/2-1/2

[Event "Open"]
[Site "Baku AZE"]
[Date "2010.08.30"]
[Round "8"]
[White "Mamedov,Rau"]
[Black "Savchenko,B"]
[Result "1/2-1/2"]
[WhiteElo "2660"]
[BlackElo "2623"]
[EventDate "2010.08.23"]

1. e4 c5 2. Nf3 d6 3. d4 cxd4 4. Nxd4 Nf6 5. Nc3 a6 6. Bg5 e6 7. f4 Qb6 8.
Qd3 Qxb2 9. Rb1 Qa3 10. f5 Be7 11. fxe6 fxe6 12. Be2 Qa5 13. Bd2 Qc7 14. g4
h6 15. Qh3 O-O 16. g5 hxg5 17. Nxe6 Qc6 18. O-O d5 19. exd5 Nxd5 20. Nxd5
Qxd5 21. Bd3 Bc5+ 22. Be3 Rxf1+ 23. Rxf1 Bxe3+ 24. Qxe3 Qxe6 25. Bc4 Qxc4
1/2-1/2

[Event "Open"]
[Site "Baku AZE"]
[Date "2010.08.30"]
[Round "8"]
[White "Mammadov,A"]
[Black "Durarbeyli,V"]
[Result "1/2-1/2"]
[WhiteElo "2327"]
[BlackElo "2501"]
[EventDate "2010.08.23"]

1. e4 c5 2. Nf3 d6 3. d4 cxd4 4. Nxd4 Nf6 5. Nc3 Nc6 6. Bg5 e6 7. Qd2 Be7
8. O-O-O a6 9. f4 Nxd4 10. Qxd4 b5 11. Be2 Bb7 12. Bf3 Qc7 13. Bxf6 gxf6
14. f5 h5 15. Kb1 Rc8 16. Qd2 Bf8 17. Ne2 e5 18. h4 Ke7 19. Ng3 Qb6 20.
Rhe1 b4 21. Nxh5 Bh6 22. Qe2 a5 23. g4 a4 24. g5 fxg5 25. f6+ Kf8 26. hxg5
Bxg5 27. Rg1 Rg8 28. Rg3 b3 29. cxb3 axb3 30. Qd3 bxa2+ 31. Ka1 Rc1+ 32.
Rxc1 Bxc1 33. Rxg8+ Kxg8 34. Qc2 Bh6 35. Qg2+ Kf8 36. Qh1 Qe3 37. Ng3 Bc8
38. Qd1 Qd2 39. Nf5 Qxd1+ 40. Bxd1 Bg5 41. Nxd6 Be6 42. Nf5 Bxf6 43. b3 Bg5
44. Kxa2 Bd2 45. Kb2 Bb4 46. Kc2 f6 47. Be2 1/2-1/2

[Event "Open"]
[Site "Baku AZE"]
[Date "2010.08.30"]
[Round "8"]
[White "Miroshnichenko,E"]
[Black "Golizadeh,A"]
[Result "0-1"]
[WhiteElo "2686"]
[BlackElo "2481"]
[EventDate "2010.08.23"]

1. d4 Nf6 2. c4 c5 3. d5 e6 4. Nc3 exd5 5. cxd5 d6 6. Nf3 g6 7. Bf4 Bg7 8.
Qa4+ Bd7 9. Qb3 Qc7 10. e4 O-O 11. Bd3 Re8 12. Nd2 Na6 13. O-O Nh5 14. Be3
Rab8 15. Rac1 Qd8 16. Nc4 Bf8 17. a4 Nc7 18. Nb5 Nxb5 19. axb5 a6 20. b6
Bb5 21. Rfe1 Nf6 22. Bg5 h6 23. Bd2 Nd7 24. Ba5 Qf6 25. Qc2 Bg7 26. b3 Ne5
27. Bf1 Bxc4 28. bxc4 Re7 29. Rb1 Rbe8 30. Rb3 g5 31. Rg3 Nd7 32. Rge3 Qb2
33. Bd3 Qxc2 34. Bxc2 Bd4 35. R3e2 Ne5 36. Bb3 Nd3 37. Ba4 Nxe1 38. Bxe8
Nd3 39. Ba4 Nf4 40. Rc2 Rxe4 41. Kf1 Kf8 42. Bd7 Re7 43. Bf5 Ke8 44. g3 Ng6
45. Kg2 Kd8 46. Bd2 Re5 47. Bd3 Re8 48. h3 Ne5 49. Bf5 Ke7 50. f4 Kf6 51.
fxe5+ Kxf5 52. exd6 Ke4 53. Bc3 Rd8 54. Bxd4 Kxd4 55. Kf3 Rxd6 56. Rd2+
Kxc4 57. Ke4 f6 58. h4 gxh4 59. gxh4 Kc3 60. Rd3+ Kc2 61. Ra3 Kb2 62. Ra5
c4 63. Rc5 c3 64. Kd3 h5 65. Rxc3 Rxd5+ 66. Kc4 Rb5 67. Rf3 Rxb6 68. Rf5
Rb5 69. Rxf6 Ka3 70. Rf3+ Ka4 71. Rf1 Ka5 72. Ra1+ Kb6 73. Rg1 Rf5 74. Kd4
0-1